000 00453cam a2200145u 4500
082 _a621.303
_bSTU
100 1 _aStubbings, George Wilfred. [from old catalog]
_941200
245 0 0 _aDictionary of electrical engineering.
260 _aLondon,
_bE. & F. N. Spon, limited,
_c1945.
300 _a3 p.
_bl., 219 p. diagrs.
_c19 cm.
526 _a0
_b0
_c0
_d621_303000000000000_STU
650 0 _aElectrical engineering
650 0 _aMCE
_9379
942 _2ddc
_cBK
999 _c545371
_d545371